00673nam a22002057a 4500003000200000005001700002008004100019020002200060050002200082100001800104245006100122260004100183300005800224504005300282650002300335650003000358650003000388650002600418650002300444020250115164838.0250115b xxu||||| |||| 00| 0 eng d a978-1-350-25308-7 aNC 730b.N48 2024 aNetter, Louis aReportage drawingbvision and experiencecLouis Netter,  aLondonbBlomsburry Visual Artsc2024 avi, 210 pages :billustrations and pictures ;c24cm.  aIncludes bibliographical references and index.  aReportage drawing. aIllustration—Technique. aVisual perception in art. aDrawing—Philosophy. aExperience in art.